History Quiz

Random History or Year Quiz

Historical Events of 2011 Quiz Stats

 Plays Quiz Updated Jan 31, 2019

Support Sporcle.
Go Orange.
Score 0/24 Timer 07:00
0 Plays Today
Hint Answer % Correct
May 1st: Barack Obama announces the death of this Al Qaeda leader in Pakistan.Osama bin Laden
90%
December 15th: The USA formally declares an end to the war in this country.Iraq
89.6%
January 1st: Estonia officially adopts this currency.Euro
89.2%
October 5th: This co-founder, chairman and chief executive officer of Apple dies.Steve Jobs
86.2%
March 11th: This country was struck by a 9.1 magnitude earthquake and subsequent tsunami.Japan
85.9%
July 15th: The release date for this year's highest grossing film, and the final installment for this wizard.Harry Potter (and the Deathly Hallows: Part II)
82.8%
April 29th: This Prince married Catherine Middleton at Westminster Abbey, watched by hundreds of millions worldwide.William
82.6%
December 17th: This 'supreme leader' of North Korea dies of a heart attack at the age of 69.Kim Jong-il
80.7%
November 7th: Physician Conrad Murray is found guilty of manslaughter in the death of this American entertainer.Michael Jackson
80.5%
November 26th: The exploration rover, Curiosity, was launched from Kennedy Space Center and landed on this planet in August 2012.Mars
80.2%
March 17th: The United Nations Security Council voted 10-0 to create a no-fly zone over this country.Libya
74%
June 2nd: This former governor of Massachusetts announces his candidacy for president.Mitt Romney
64.8%
Hint Answer % Correct
July 9th: This country secedes from Sudan, causing all sorts of havoc for Sporcle.South Sudan
59.2%
August 28th: Rebels took control of this capital effectively overthrowing the government of Muammar Gaddafi.Tripoli
48.1%
October 28th: This team beats the Texas Rangers to win their eleventh World Series championship.St. Louis Cardinals
47%
February 11th: This man resigned as the President of Egypt during the Arab Spring.Hosni Mubarak
44.8%
January 14th: This country's government was the first to fall during the Arab Spring.Tunisia
44.5%
September 5th: India and this country sign a pact to end their 40-year border demarcation dispute.Bangladesh
43.5%
June 4th: Puyehue volcano erupts in this country, causing air traffic cancellations across South America and Oceania.Chile
38.7%
February 27th: The Oscar for best motion picture goes to this movie.The King's Speech
37.3%
May 18th: Dominique Strauss-Kahn resigns as Managing Director of this organization.International Monetary Fund
35%
August 21: This Atlantic Hurricane makes landfall in the Caribbean.Hurricane Irene
25.6%
July 21st: This space shuttle lands at the Kennedy Space Center, concluding NASA's shuttle program.Atlantis
19.7%
July 7th: This organ was created using stem cells and used in the world's first artificial internal organ transplant.Windpipe
3.9%

You're not logged in!

Compare scores with friends on all Sporcle quizzes.
OR
Log In
Forgot?

From the Vault

European Countries - Fit the Pattern

by manonthemoon

Yes, all these countries are located in Europe, but that is not the pattern.
Remove Ads.
Support Sporcle.
Get the best of Sporcle when you Go Orange. This ad-free experience offers more features, more stats, and more fun while also helping to support Sporcle. Thank you for becoming a member.

Show Comments

Extras

Top Quizzes Today


Score Distribution

Your Account Isn't Verified!

In order to create a playlist on Sporcle, you need to verify the email address you used during registration. Go to your Sporcle Settings to finish the process.

Report this User

Report this user for behavior that violates our Community Guidelines.

Details: